[Event "Portoroz op 13th"]
[Site "Portoroz"]
[Date "2019.07.09"]
[Round "5"]
[White "Elishev, Ivan"]
[Black "Gruskovnjak, Tomislav"]
[Result "1-0"]
[WhiteElo "2171"]
[BlackElo "2275"]
[PlyCount "117"]
[EventDate "2019.07.06"]
[EventType "swiss"]
[EventRounds "9"]
[EventCountry "SLO"]
[SourceTitle "CBM 191 Extra"]
[Source "ChessBase"]
[SourceDate "2019.09.30"]
[SourceVersion "1"]
[SourceVersionDate "2019.09.30"]
[SourceQuality "1"]

1. e4 c5 2. b3 Nc6 3. Bb2 e5 4. f4 d6 5. Nf3 exf4 6. Bb5 Be6 7. 0-0 Qb6 8. Na3 0-0-0 9. d4 cxd4 10. Bxc6 Qxc6 11. Nxd4 Qb6 12. c4 Be7 13. Rxf4 Bf6 14. Rf2 Be5 15. Nab5 a6 16. Nxe6 fxe6 17. Bd4 Bxd4 18. Qxd4 Qxd4 19. Nxd4 Re8 20. Rf7 Nf6 21. Re1 Rhg8 22. h3 Nd7 23. Nf3 e5 24. Rd1 Re6 25. b4 Kd8 26. c5 Ke8 27. Ng5 Rf6 28. Rxd6 Nxc5 29. bxc5 Rxf7 30. Nxf7 Kxf7 31. Rd7+ Kf6 32. Rxb7 Rc8 33. Rb6+ Kg5 34. c6 Kf4 35. Rxa6 Kxe4 36. Kf2 Kd3 37. Ra5 Kd4 38. Ra7 Rxc6 39. Rd7+ Ke4 40. Rxg7 Rc2+ 41. Kg3 h5 42. Kh4 Rxa2 43. Kxh5 Kf4 44. h4 e4 45. g4 Rh2 46. Re7 e3 47. g5 e2 48. g6 Kg3 49. Re3+ Kf2 50. Re4 Kf3 51. Re5 Kf4 52. Re7 Kg3 53. Kg5 Kf2 54. h5 Rh3 55. g7 Rg3+ 56. Kh6 e1Q 57. Rxe1 Kxe1 58. Kh7 Kf2 59. g8Q 1-0

[Event "Portoroz op 13th"]
[Site "Portoroz"]
[Date "2019.07.07"]
[Round "2"]
[White "Zelcic, Robert"]
[Black "Elishev, Ivan"]
[Result "1-0"]
[WhiteElo "2518"]
[BlackElo "2171"]
[PlyCount "75"]
[EventDate "2019.07.06"]
[EventType "swiss"]
[EventRounds "9"]
[EventCountry "SLO"]
[SourceTitle "CBM 191 Extra"]
[Source "ChessBase"]
[SourceDate "2019.09.30"]
[SourceVersion "1"]
[SourceVersionDate "2019.09.30"]
[SourceQuality "1"]

1. e4 e5 2. Nf3 Nf6 3. Nc3 Nc6 4. d4 exd4 5. Nxd4 Bb4 6. Nxc6 bxc6 7. Bd3 d5 8. exd5 cxd5 9. 0-0 0-0 10. Bg5 c6 11. Qf3 Rb8 12. Rae1 Bd6 13. Nd1 Bg4 14. Bxf6 Bxf3 15. Bxd8 Bxd1 16. Be7 Bxe7 17. Rxe7 Bh5 18. b3 a5 19. f4 Rfe8 20. Rc7 Rec8 21. Rxc8+ Rxc8 22. Re1 Kf8 23. h3 h6 24. g4 Bg6 25. Bxg6 fxg6 26. Re6 Kf7 27. Rd6 a4 28. Kf2 axb3 29. axb3 g5 30. f5 h5 31. Kf3 h4 32. Ke3 Re8+ 33. Kd2 Re4 34. Rxc6 d4 35. Re6 Rf4 36. Ke2 g6 37. Rxg6 Re4+ 38. Kd3 1-0

[Event "Gibraltar Challengers-B"]
[Site "Caleta"]
[Date "2018.01.27"]
[Round "1"]
[White "Elishev, Ivan"]
[Black "Perez Beltran, Salvador"]
[Result "1-0"]
[WhiteElo "2087"]
[BlackElo "1900"]
[PlyCount "39"]
[EventDate "2018.01.27"]
[EventType "swiss"]
[EventRounds "5"]
[EventCountry "GGB"]
[SourceTitle "EXT 2019"]
[Source "ChessBase"]
[SourceDate "2018.10.10"]
[SourceVersion "1"]
[SourceVersionDate "2018.10.10"]
[SourceQuality "1"]

1. e4 c5 2. Nf3 e6 3. g3 Nc6 4. Bg2 Nf6 5. Nc3 a6 6. a4 d5 7. exd5 Nxd5 8. 0-0 g6 9. d4 Nxc3 10. bxc3 Bg7 11. Ba3 cxd4 12. cxd4 Nxd4 13. Nxd4 Qxd4 14. Qf3 f5 15. Rab1 Qxa4 16. Rxb7 Bf8 17. Qc6+ Bd7 18. Rxd7 Qxc6 19. Bxc6 Rc8 20. Re7+ 1-0

[Event "Gibraltar Challenger op-A"]
[Site "Caleta"]
[Date "2017.01.27"]
[Round "5"]
[White "Galmandakh, Badrakh"]
[Black "Elishev, Ivan"]
[Result "1-0"]
[WhiteElo "2215"]
[BlackElo "2143"]
[PlyCount "105"]
[EventDate "2017.01.23"]
[EventType "swiss"]
[EventRounds "5"]
[EventCountry "GGB"]
[SourceTitle "CBM 176 Extra"]
[Source "ChessBase"]
[SourceDate "2017.03.02"]
[SourceVersion "1"]
[SourceVersionDate "2017.03.02"]
[SourceQuality "1"]

1. g3 g6 2. Bg2 Bg7 3. c4 c5 4. Nc3 Nc6 5. e3 e5 6. Nge2 Nge7 7. 0-0 0-0 8. a3 d6 9. Rb1 a5 10. d3 Be6 11. Nd5 Bxd5 12. cxd5 Nb8 13. b4 axb4 14. axb4 Na6 15. bxc5 Nxc5 16. d4 exd4 17. exd4 Na4 18. Rxb7 Nf5 19. Be3 Qa5 20. Qb3 Nxe3 21. fxe3 Qd2 22. Kf2 Rfc8 23. Rd1 Qc2 24. Qxc2 Rxc2 25. Rc1 Rxc1 26. Nxc1 Rc8 27. Ne2 Rc2 28. Be4 Rd2 29. Rb8+ Bf8 30. Rc8 Nb6 31. Rc6 Rb2 32. g4 Be7 33. Kf3 Kg7 34. Nf4 Bh4 35. Bc2 h5 36. gxh5 g5 37. h6+ Kxh6 38. Nd3 Rb5 39. Rxd6+ Kg7 40. Ke4 f5+ 41. Kxf5 Nxd5 42. Ke4 Nf6+ 43. Kf3 g4+ 44. Ke2 Ne4 45. Rd7+ Kf8 46. Ne5 Rb2 47. Kd3 Ng5 48. Ng6+ Ke8 49. Ba4 Ra2 50. Ra7+ Kd8 51. Nxh4 Rxh2 52. Nf5 Rf2 53. Nd6 1-0

[Event "Gibraltar Challenger op-A"]
[Site "Caleta"]
[Date "2017.01.25"]
[Round "3"]
[White "Elishev, Ivan"]
[Black "Gostelow, David W"]
[Result "1-0"]
[WhiteElo "2143"]
[BlackElo "1970"]
[PlyCount "34"]
[EventDate "2017.01.23"]
[EventType "swiss"]
[EventRounds "5"]
[EventCountry "GGB"]
[SourceTitle "CBM 176 Extra"]
[Source "ChessBase"]
[SourceDate "2017.03.02"]
[SourceVersion "1"]
[SourceVersionDate "2017.03.02"]
[SourceQuality "1"]

1. c4 e5 2. g3 Nf6 3. Bg2 d5 4. cxd5 Nxd5 5. Nc3 Nb6 6. Nf3 Nc6 7. 0-0 Be7 8. a3 0-0 9. b4 Be6 10. d3 f6 11. Be3 Nd5 12. Nxd5 Bxd5 13. Re1 a5 14. b5 Nd4 15. Bxd4 exd4 16. Qa4 c5 17. bxc6 Bxc6 1-0

[Event "Zadar op-B 23rd"]
[Site "Zadar"]
[Date "2016.12.14"]
[Round "5"]
[White "Elishev, Ivan"]
[Black "Buhin, Denis"]
[Result "1-0"]
[WhiteElo "2122"]
[BlackElo "1967"]
[PlyCount "69"]
[EventDate "2016.12.11"]
[EventType "swiss"]
[EventRounds "9"]
[EventCountry "CRO"]
[SourceTitle "CBM 176 Extra"]
[Source "ChessBase"]
[SourceDate "2017.03.02"]
[SourceVersion "1"]
[SourceVersionDate "2017.03.02"]
[SourceQuality "1"]

1. d4 c5 2. d5 g6 3. e4 d6 4. Nc3 Bg7 5. Nf3 Nd7 6. a4 Ngf6 7. Be2 Qa5 8. 0-0 0-0 9. Nd2 a6 10. Nc4 Qc7 11. a5 b5 12. axb6 Nxb6 13. Na5 Bd7 14. Be3 Rfb8 15. f4 Nc8 16. Nc4 Bb5 17. e5 Nd7 18. e6 fxe6 19. dxe6 Nf6 20. Nxb5 axb5 21. Rxa8 Rxa8 22. Na3 Na7 23. f5 d5 24. fxg6 hxg6 25. Qd3 Qe5 26. Bxc5 Qxe6 27. Bf3 Ne4 28. Re1 Qc6 29. b4 e6 30. Bxe4 dxe4 31. Qxe4 Qxe4 32. Rxe4 Bb2 33. Rxe6 Bxa3 34. Rxg6+ Kf7 35. Ra6 1-0

[Event "Pula op 30th"]
[Site "Pula"]
[Date "2016.09.14"]
[Round "6"]
[White "Elishev, Ivan"]
[Black "Licardo, Renato"]
[Result "1-0"]
[WhiteElo "2098"]
[BlackElo "2215"]
[PlyCount "111"]
[EventDate "2016.09.10"]
[EventType "swiss"]
[EventRounds "9"]
[EventCountry "CRO"]
[SourceTitle "CBM 174 Extra"]
[Source "ChessBase"]
[SourceDate "2016.10.10"]
[SourceVersion "1"]
[SourceVersionDate "2016.10.10"]
[SourceQuality "1"]

1. e4 c5 2. Nf3 Nc6 3. d4 cxd4 4. Nxd4 Nf6 5. Nc3 g6 6. Be3 Bg7 7. Bc4 0-0 8. Bb3 Ng4 9. Qxg4 Nxd4 10. Qd1 Nxb3 11. axb3 b6 12. Qd5 Qc7 13. Qxa8 Bxc3+ 14. Kd1 Bb7 15. Qxa7 Bxb2 16. Rb1 Bg7 17. Qxb6 Qc8 18. f3 d5 19. exd5 Bxd5 20. c4 Qf5 21. Ke2 Be6 22. Rbd1 Qe5 23. Rd2 h5 24. Kf2 Kh7 25. g3 Rb8 26. Qd4 Qc7 27. Qc5 Qb7 28. Bf4 Rc8 29. Qb5 Qa7+ 30. Be3 Qc7 31. Rhd1 Rb8 32. Qc5 Qb7 33. Bf4 Ra8 34. Qb5 Qa7+ 35. Be3 Qc7 36. Qc5 Qb7 37. Qb6 Qxb6 38. Bxb6 Rb8 39. Bd4 Rxb3 40. Bxg7 Kxg7 41. Rc1 Rb6 42. c5 Rc6 43. Rb2 Kf6 44. Rb6 Rc7 45. f4 Kf5 46. Ke3 Bd5 47. Kd4 Bf3 48. c6 f6 49. Kc5 h4 50. Rc3 Kg4 51. Ra6 hxg3 52. hxg3 Kxg3 53. Rc4 g5 54. f5 Rc8 55. c7 g4 56. Kb6 1-0

[Event "Pula op 30th"]
[Site "Pula"]
[Date "2016.09.11"]
[Round "2"]
[White "Ostovic, Matija"]
[Black "Elishev, Ivan"]
[Result "1-0"]
[WhiteElo "2337"]
[BlackElo "2098"]
[PlyCount "105"]
[EventDate "2016.09.10"]
[EventType "swiss"]
[EventRounds "9"]
[EventCountry "CRO"]
[SourceTitle "CBM 174 Extra"]
[Source "ChessBase"]
[SourceDate "2016.10.10"]
[SourceVersion "1"]
[SourceVersionDate "2016.10.10"]
[SourceQuality "1"]

1. e4 c5 2. c3 g6 3. d4 cxd4 4. cxd4 d5 5. exd5 Nf6 6. Nc3 Bg7 7. Bc4 0-0 8. Nge2 Nbd7 9. Nf4 Nb6 10. Bb3 Bf5 11. 0-0 Rc8 12. Re1 Qd7 13. h3 h5 14. Qe2 a6 15. Bd2 Rc7 16. a4 Rfc8 17. f3 h4 18. Qf2 Nc4 19. Bc1 Qd6 20. Qxh4 Qb4 21. Bxc4 Rxc4 22. a5 Bd7 23. Nd3 Rxd4 24. Nxb4 Rxh4 25. g4 Rc4 26. Nd3 Rxh3 27. Ne5 Nxg4 28. Nxc4 Bd4+ 29. Kf1 Nh2+ 30. Kg2 Nxf3 31. Re4 Nh4+ 32. Kf1 Bxc3 33. bxc3 Rh1+ 34. Ke2 Bb5 35. Bb2 Rh2+ 36. Kd1 Nf5 37. Nd2 Bd3 38. Re1 g5 39. c4 g4 40. Ra3 Rh3 41. c5 Ne3+ 42. Rxe3 Rxe3 43. Nc4 Rh3 44. Ne5 Rh1+ 45. Kd2 Bf5 46. Ke3 Rd1 47. c6 Rxd5 48. Kf4 Be6 49. c7 f6 50. Nd3 Rf5+ 51. Kg3 Rf3+ 52. Kg2 Kf7 53. Nc5 1-0

[Event "Moscow-chT"]
[Site "Moscow"]
[Date "2015.10.24"]
[Round "5.1"]
[White "Drozdova, Dina"]
[Black "Elishev, Ivan"]
[Result "1/2-1/2"]
[WhiteElo "2241"]
[BlackElo "2128"]
[PlyCount "122"]
[EventDate "2015.10.15"]
[EventType "team-swiss"]
[EventRounds "9"]
[EventCountry "RUS"]
[SourceTitle "CBM 168 Extra"]
[Source "ChessBase"]
[SourceDate "2015.10.29"]
[SourceVersion "1"]
[SourceVersionDate "2015.10.29"]
[SourceQuality "1"]
[WhiteTeam "Boavista"]
[BlackTeam "Automation"]
[WhiteTeamCountry "RUS"]
[BlackTeamCountry "RUS"]

1. d4 Nf6 2. c4 g6 3. Nc3 d5 4. cxd5 Nxd5 5. e4 Nxc3 6. bxc3 Bg7 7. Bb5+ c6 8. Ba4 0-0 9. Ne2 c5 10. d5 Qa5 11. 0-0 b5 12. Bb3 c4 13. Bc2 Na6 14. Bg5 e5 15. Qd2 f6 16. Be3 Bd7 17. f4 Bh6 18. Kh1 Qa3 19. Qe1 Bg7 20. Bc1 Qd6 21. Be3 Nc5 22. fxe5 fxe5 23. Qd2 a5 24. Rxf8+ Rxf8 25. Rb1 Rf7 26. Ng1 Qf8 27. Qe2 h5 28. h3 g5 29. Nf3 g4 30. Ng5 Rf6 31. h4 Bh6 32. Kg1 Bxg5 33. Bxg5 Rf7 34. Be3 Qe7 35. Bg5 Qf8 36. Rf1 Rxf1+ 37. Qxf1 Qxf1+ 38. Kxf1 b4 39. Be3 b3 40. axb3 Nxb3 41. Ke2 a4 42. g3 a3 43. Bb1 Be8 44. Bb6 a2 45. Bxa2 Nc1+ 46. Kd2 Nxa2 47. Kc2 Bg6 48. Kb2 Bxe4 49. d6 Bc6 50. Kxa2 Kf7 51. Ka3 Ke6 52. Kb4 Kd5 53. Ba7 Bd7 54. Bb8 Bc6 55. Bc7 Bd7 56. Bb8 Be6 57. Bc7 e4 58. Bb6 Kxd6 59. Be3 Kc6 60. Ka3 Kb5 61. Kb2 Kc6 1/2-1/2

[Event "Sitges op 41st"]
[Site "Sitges"]
[Date "2015.07.22"]
[Round "1"]
[White "Hansen, Torbjorn Ringdal"]
[Black "Elishev, Ivan"]
[Result "1-0"]
[WhiteElo "2495"]
[BlackElo "2145"]
[PlyCount "55"]
[EventDate "2015.07.22"]
[EventType "swiss"]
[EventRounds "9"]
[EventCountry "ESP"]
[SourceTitle "EXT 2016"]
[Source "ChessBase"]
[SourceDate "2015.10.08"]
[SourceVersion "1"]
[SourceVersionDate "2015.10.08"]
[SourceQuality "1"]

1. e4 e6 2. d4 d5 3. Nd2 dxe4 4. Nxe4 Nd7 5. Nf3 Ngf6 6. Bd3 Nxe4 7. Bxe4 Nf6 8. Bg5 Be7 9. Bxf6 gxf6 10. Qe2 a6 11. 0-0-0 f5 12. Bd3 b5 13. Kb1 Bb7 14. Ne5 Qd5 15. Rhe1 Rg8 16. Qh5 Rg7 17. g4 0-0-0 18. gxf5 Qxd4 19. fxe6 fxe6 20. Qh6 Rdg8 21. Bxh7 Qc5 22. Bxg8 Rxg8 23. Qh7 Re8 24. Qf7 Bc6 25. Qxe6+ Kb7 26. Qxc6+ Qxc6 27. Nxc6 Kxc6 28. h4 1-0

[Event "Gibraltar Challengers-B 13th"]
[Site "Caleta"]
[Date "2015.02.04"]
[Round "5"]
[White "Suez Panama, Gilles"]
[Black "Elishev, Ivan"]
[Result "1-0"]
[WhiteElo "2030"]
[BlackElo "2153"]
[PlyCount "91"]
[EventDate "2015.01.31"]
[EventType "swiss"]
[EventRounds "5"]
[EventCountry "GGB"]
[SourceTitle "CBM 164 Extra"]
[Source "ChessBase"]
[SourceDate "2015.03.02"]
[SourceVersion "1"]
[SourceVersionDate "2015.03.02"]
[SourceQuality "1"]

1. Nf3 g6 2. d4 Nf6 3. c4 Bg7 4. Nc3 d5 5. cxd5 Nxd5 6. e4 Nxc3 7. bxc3 0-0 8. Be2 c5 9. Rb1 cxd4 10. cxd4 Qa5+ 11. Bd2 Qxa2 12. 0-0 Qe6 13. Ng5 Qd7 14. Be3 Nc6 15. d5 Ne5 16. f4 h6 17. Nh3 Ng4 18. Bxg4 Qxg4 19. Qxg4 Bxg4 20. Rxb7 a5 21. Rxe7 Bxh3 22. gxh3 Rfe8 23. Rxe8+ Rxe8 24. e5 g5 25. Bb6 gxf4 26. d6 Rxe5 27. d7 Bf6 28. Rxf4 Bg5 29. Rg4 Kf8 30. d8Q+ Bxd8 31. Bxd8 Ke8 32. Rd4 f5 33. Kf2 Kf7 34. Kf3 Ke6 35. Ra4 Rd5 36. Bxa5 Rd3+ 37. Kg2 Kf6 38. Be1 Kg5 39. Bh4+ Kh5 40. Bf2 Kg5 41. Ra6 h5 42. h4+ Kg4 43. Rg6+ Kf4 44. Bg3+ Ke4 45. Re6+ Kd4 46. Rd6+ 1-0

[Event "Gibraltar Masters 13th"]
[Site "Caleta"]
[Date "2015.02.03"]
[Round "8"]
[White "Odeh, Kenneth"]
[Black "Elishev, Ivan"]
[Result "0-1"]
[WhiteElo "1982"]
[BlackElo "2153"]
[PlyCount "63"]
[EventDate "2015.01.27"]
[EventType "swiss"]
[EventRounds "10"]
[EventCountry "GGB"]
[SourceTitle "CBM 165"]
[Source "ChessBase"]
[SourceDate "2015.03.11"]
[SourceVersion "1"]
[SourceVersionDate "2015.03.11"]
[SourceQuality "1"]

1. e4 d5 2. exd5 Nf6 3. d4 Bg4 4. Nf3 Qxd5 5. Be2 Nc6 6. c4 Qh5 7. d5 0-0-0 8. Nbd2 Ne5 9. 0-0 e6 10. Qa4 Bd6 11. h3 Bxh3 12. Qxa7 Bxg2 13. Kxg2 Ng6 14. Rg1 Nf4+ 15. Kf1 exd5 16. Qa8+ Kd7 17. Qa4+ c6 18. cxd5 Rhe8 19. dxc6+ Kc7 20. Nd4 Qh3+ 21. Ke1 Rxe2+ 22. Nxe2 Re8 23. Qa5+ b6 24. Qa7+ Kxc6 25. Qa4+ Kb7 26. Kd1 Rxe2 27. Qxf4 Bxf4 28. Kxe2 Qh5+ 29. Kf1 Qb5+ 30. Kg2 Bxd2 31. Bxd2 Qd5+ 32. Kg3 0-1

[Event "Gibraltar Masters 13th"]
[Site "Caleta"]
[Date "2015.02.01"]
[Round "6"]
[White "Lochte, Szilvia"]
[Black "Elishev, Ivan"]
[Result "0-1"]
[WhiteElo "1934"]
[BlackElo "2153"]
[PlyCount "52"]
[EventDate "2015.01.27"]
[EventType "swiss"]
[EventRounds "10"]
[EventCountry "GGB"]
[SourceTitle "CBM 165"]
[Source "ChessBase"]
[SourceDate "2015.03.11"]
[SourceVersion "1"]
[SourceVersionDate "2015.03.11"]
[SourceQuality "1"]

1. d4 Nf6 2. Nf3 g6 3. g3 Bg7 4. Bg2 0-0 5. 0-0 c5 6. dxc5 Na6 7. Bf4 Nxc5 8. Nbd2 d6 9. Nc4 b5 10. Nxd6 exd6 11. Bxd6 Qb6 12. Bxf8 Bxf8 13. Ne5 Bb7 14. c3 Re8 15. Nd3 h5 16. Nxc5 Bxg2 17. Nd7 Nxd7 18. Kxg2 Qc6+ 19. f3 Ne5 20. e4 Nc4 21. Qc1 Kh7 22. Qf4 f5 23. b3 Bh6 24. Qh4 Ne3+ 25. Kg1 Nxf1 26. Rxf1 fxe4 0-1

[Event "Gibraltar Masters 13th"]
[Site "Caleta"]
[Date "2015.01.29"]
[Round "3"]
[White "Elishev, Ivan"]
[Black "Ducarmon, Quinten"]
[Result "0-1"]
[WhiteElo "2153"]
[BlackElo "2488"]
[PlyCount "88"]
[EventDate "2015.01.27"]
[EventType "swiss"]
[EventRounds "10"]
[EventCountry "GGB"]
[SourceTitle "CBM 165"]
[Source "ChessBase"]
[SourceDate "2015.03.11"]
[SourceVersion "1"]
[SourceVersionDate "2015.03.11"]
[SourceQuality "1"]

1. e4 c6 2. c4 d5 3. cxd5 cxd5 4. exd5 Nf6 5. Nc3 Nxd5 6. Nf3 Nc6 7. d4 e6 8. Bd3 Bb4 9. Bd2 Be7 10. 0-0 0-0 11. a3 Bf6 12. Be3 Nxc3 13. bxc3 b6 14. Qe2 Bb7 15. Rfd1 Rc8 16. Rac1 Na5 17. Nd2 Qe7 18. Ne4 Bxe4 19. Bxe4 Qxa3 20. c4 Qe7 21. c5 Rfd8 22. Qb5 g6 23. cxb6 axb6 24. Rxc8 Rxc8 25. Qxb6 Nc4 26. Qb3 Nxe3 27. fxe3 Kg7 28. Bf3 h5 29. Qd3 Qa7 30. Kh1 h4 31. e4 Rd8 32. d5 Be5 33. Qe2 exd5 34. exd5 Qb8 35. h3 Qd6 36. Qe4 Bf6 37. Qe1 Ra8 38. Qe4 Ra3 39. Rf1 Bd8 40. Qd4+ Kg8 41. Re1 Bf6 42. Qg4 Kg7 43. Qe4 Qg3 44. Qe2 Bc3 0-1

[Event "Gibraltar Challengers-A 13th"]
[Site "Caleta"]
[Date "2015.01.27"]
[Round "2"]
[White "Nieto Asencio, Maria del Carmen"]
[Black "Elishev, Ivan"]
[Result "1/2-1/2"]
[WhiteElo "1985"]
[BlackElo "2153"]
[PlyCount "87"]
[EventDate "2015.01.26"]
[EventType "swiss"]
[EventRounds "5"]
[EventCountry "GGB"]
[SourceTitle "CBM 164 Extra"]
[Source "ChessBase"]
[SourceDate "2015.03.02"]
[SourceVersion "1"]
[SourceVersionDate "2015.03.02"]
[SourceQuality "1"]

1. d4 Nf6 2. Nf3 g6 3. Nc3 d5 4. Bf4 Bg7 5. Qd2 Ne4 6. Nxe4 dxe4 7. Ne5 c5 8. e3 0-0 9. Bc4 Nd7 10. Nxd7 Qxd7 11. c3 Rd8 12. Qe2 a6 13. a4 b6 14. 0-0 Bb7 15. Rfd1 cxd4 16. cxd4 Bc6 17. Bb3 e6 18. Rdc1 Rdc8 19. h3 Bf8 20. Be5 Bd6 21. Bxd6 Qxd6 22. Bc4 Bb7 23. Qe1 Rc7 24. Bb3 Rac8 25. Rxc7 Qxc7 26. Qb4 a5 27. Qb5 Bc6 28. Qc4 Bd7 29. Qxc7 Rxc7 30. Kf1 Kf8 31. Ke1 Ke7 32. Kd2 Kd6 33. Ra3 f5 34. h4 h6 35. Ra1 Be8 36. Rc1 Rxc1 37. Kxc1 g5 38. hxg5 hxg5 39. g3 Bd7 40. Kd2 Bc6 41. Kc3 Bd7 42. Bd1 Bc6 43. Bb3 Bd7 44. Bd1 1/2-1/2

[Event "Moscow-chT"]
[Site "Moscow"]
[Date "2014.10.02"]
[Round "4.3"]
[White "Elishev, Ivan"]
[Black "Alikulov, Elbek"]
[Result "0-1"]
[WhiteElo "2191"]
[BlackElo "2232"]
[PlyCount "106"]
[EventDate "2014.09.27"]
[EventType "team-tourn"]
[EventRounds "11"]
[EventCountry "RUS"]
[SourceTitle "CBM 162 Extra"]
[Source "ChessBase"]
[SourceDate "2014.10.17"]
[SourceVersion "1"]
[SourceVersionDate "2014.10.17"]
[SourceQuality "1"]
[WhiteTeam "VNII Avtomatiki"]
[BlackTeam "Academy GMs"]
[WhiteTeamCountry "RUS"]
[BlackTeamCountry "RUS"]

1. e4 c5 2. Nf3 d6 3. b4 cxb4 4. d4 Nf6 5. Bd3 Nc6 6. 0-0 e5 7. d5 Nb8 8. Bd2 Be7 9. Bxb4 0-0 10. Nbd2 Na6 11. a3 g6 12. Nc4 Nh5 13. Re1 Nf4 14. Bf1 Nxb4 15. axb4 f5 16. Nfd2 fxe4 17. Nxe4 Bf5 18. Ncd2 Qb6 19. Rb1 Qc7 20. c4 Rad8 21. Qb3 Kh8 22. Rec1 b6 23. Qa4 Qb7 24. Ra1 Rd7 25. Qc6 Qb8 26. Qb5 Rb7 27. Qa6 Rd8 28. Ra2 Rc7 29. Rca1 Rdd7 30. Qb5 Qf8 31. Ra6 h5 32. Qa4 h4 33. Qb3 g5 34. R1a3 g4 35. Qa2 Qb8 36. Qa1 Bf8 37. c5 Qe8 38. c6 Rg7 39. Rxa7 Nxd5 40. b5 Qg6 41. Rxc7 Nxc7 42. Qe1 d5 43. Ra4 dxe4 44. Nxe4 Ne6 45. Nc3 Nd4 46. Kh1 Bd6 47. Nd5 Be4 48. Nf4 Qf5 49. Ra8+ Kh7 50. Nh5 Rf7 51. Bc4 h3 52. Qe3 Bxg2+ 53. Kg1 Qb1+ 0-1

[Event "Voronezh op-B 17th"]
[Site "Voronezh"]
[Date "2013.06.20"]
[Round "9"]
[White "Elishev, Ivan"]
[Black "Vinogradov, Anatoly"]
[Result "0-1"]
[WhiteElo "2179"]
[BlackElo "2097"]
[PlyCount "80"]
[EventDate "2013.06.12"]
[EventType "swiss"]
[EventRounds "9"]
[EventCountry "RUS"]
[SourceTitle "EXT 2014"]
[Source "ChessBase"]
[SourceDate "2013.11.20"]
[SourceVersion "1"]
[SourceVersionDate "2013.11.20"]
[SourceQuality "1"]

1. e4 e6 2. d4 d5 3. e5 c5 4. c3 Qb6 5. Nf3 Nc6 6. a3 cxd4 7. cxd4 Nh6 8. b4 Nf5 9. Bb2 Bd7 10. g4 Nfe7 11. Nc3 Na5 12. Na4 Qc6 13. Nc5 Nc4 14. Qb3 b6 15. Nxd7 Qxd7 16. Nd2 Qb7 17. Rg1 b5 18. Bc3 Nc6 19. a4 a6 20. a5 Qa7 21. Nxc4 dxc4 22. Qb2 Rd8 23. d5 exd5 24. 0-0-0 d4 25. Bg2 Qc7 26. Bxc6+ Qxc6 27. Bxd4 Be7 28. f4 Qe4 29. Rgf1 0-0 30. e6 fxe6 31. Bxg7 Rxd1+ 32. Rxd1 Rd8 33. Rxd8+ Bxd8 34. Qd2 Kxg7 35. Qd7+ Kh6 36. g5+ Bxg5 37. fxg5+ Kxg5 38. Qe7+ Kg4 39. Qg7+ Kf3 40. Qc3+ Qe3+ 0-1